| 000 | 01188ngm a22003370a 4500 | ||
|---|---|---|---|
| 001 | PT47763 | ||
| 003 | AR-LpoUNG | ||
| 005 | 20210202000028.0 | ||
| 007 | vd cvaizq | ||
| 008 | 191001s2008||||ag |||||||||||||||||spa d | ||
| 037 | _c$2,50 | ||
| 040 |
_aAR-LpoUNG _bspa _cAR-LpoUNG _eaacr |
||
| 041 | _aspa | ||
| 044 | _aag | ||
| 082 | 0 | _a784 459gui | |
| 100 | 1 |
_aDe Silvio, Javier _edir. |
|
| 245 | 1 | 0 | _aGuitarra adentro |
| 260 |
_aBuenos Aires : _bLuz mágica, _c2008. |
||
| 300 | _aDVD (100 min.) : son., col. | ||
| 520 | _aSe narra el encuentro de un grupo de guitarristas (concertistas y estudiantes) en Villa Tulumba, pequeño pueblo de las sierras de Córdoba (Argentina), pintoresco sitio que tiempo atrás supo gozar de una época de esplendor. En el marco de este paisaje apacible estos músicos comparten ideas, experiencias, sonidos y sensaciones en torno a la música y la guitarra, instrumento al que dedican su vida. | ||
| 650 | 4 | _aARGENTINA | |
| 650 | 4 | _aARTISTAS | |
| 650 | 4 | _aINSTRUMENTOS MUSICALES | |
| 650 | 4 | _aMUSICA | |
| 653 | _aCINE ARGENTINO | ||
| 653 | _aDOCUMENTALES | ||
| 653 | _aDVD | ||
| 653 | _aVIDEOS | ||
| 905 | _a47763 | ||
| 942 | _cDVD | ||
| 999 |
_c53978 _d53978 |
||